Welcome to CU Library Online Public Access Catalogue (OPAC)

Human resource management : (Record no. 5836)

MARC details
000 -LEADER
fixed length control field 00567pam a2200181 a 4500
001 - CONTROL NUMBER
control field 3052699
005 - DATE AND TIME OF LATEST TRANSACTION
control field 20250519095819.0
008 - FIXED-LENGTH DATA ELEMENTS--GENERAL INFORMATION
fixed length control field 960516s1997 ilua b 001 0 eng
020 ## - INTERNATIONAL STANDARD BOOK NUMBER
International Standard Book Number 0256208107
050 00 - LIBRARY OF CONGRESS CALL NUMBER
Classification number HF5549.2.U5
Item number H8 1997
082 00 - DEWEY DECIMAL CLASSIFICATION NUMBER
Classification number 658.3
Edition information 20
245 00 - TITLE STATEMENT
Title Human resource management :
Remainder of title gaining a competitive advantage /
Statement of responsibility, etc. Raymond A. Noe ... [et al.].
260 ## - PUBLICATION, DISTRIBUTION, ETC.
Place of publication, distribution, etc. Chicago :
Name of publisher, distributor, etc. Irwin,
Date of publication, distribution, etc. c1997.
300 ## - PHYSICAL DESCRIPTION
Extent xxxi, 671 p. :
Other physical details ill. (some col.) ;
Dimensions 26 cm.
650 #0 - SUBJECT ADDED ENTRY--TOPICAL TERM
Topical term or geographic name entry element Personnel management
Geographic subdivision United States.
700 1# - ADDED ENTRY--PERSONAL NAME
Personal name Noe, Raymond A.
942 ## - ADDED ENTRY ELEMENTS (KOHA)
Source of classification or shelving scheme Library of Congress Classification
Koha item type Books
Suppress in OPAC No
999 ## -
-- 5836
-- 5836
Holdings
Withdrawn status Lost status Source of classification or shelving scheme Damaged status Not for loan Collection Home library Current library Shelving location Date acquired Total checkouts Full call number Barcode Date last seen Copy number Price effective from Koha item type
    Library of Congress Classification     Non-fiction Undergraduate Library (Christ Temple) Undergraduate Library (Christ Temple) General stacks 05/19/2025   HF5549.2 HUM ulct00002472 05/19/2025 1 05/19/2025 Books
© 2023-2024 Copyright: Central University Libraries. All Rights Reserved | Created by: Mahone Tech Office